000 00629nam a2200253Ia 4500
005 20260121155212.0
008 008 260114s9999 xx 000 0 eng d
020 _a9781003049630
037 _aEBOOK
040 _aCRL
040 _beng
040 _cCRL
041 _2eng
041 _aeng
084 _qCRL
100 _a Christian Suter; S. Madheswaran; B.P. Vani
_91016630
245 4 _aThe Middle Class in World Society
260 _bTaylor and Francis
260 _c2020
856 _uhttp://www.taylorfrancis.com/books/9781003049630
942 _cEBOOK
999 _c1583449
_d1583449